[Event "Tunja Boyaca op-B"]
[Site "Tunja"]
[Date "2019.08.03"]
[Round "6"]
[White "Bernal Parra, Eliana Valentina"]
[Black "Florez, Miguel Angel"]
[Result "1-0"]
[WhiteElo "1262"]
[BlackElo "1600"]
[PlyCount "35"]
[EventDate "2019.07.31"]
[EventType "swiss"]
[EventRounds "9"]
[EventCountry "COL"]
[SourceTitle "EXT 2020"]
[Source "ChessBase"]
[SourceDate "2019.10.17"]
[SourceVersion "1"]
[SourceVersionDate "2019.10.17"]
[SourceQuality "1"]

1. e4 c5 2. Nf3 g6 3. d4 cxd4 4. Nxd4 e5 5. Nb5 d6 6. N1c3 a6 7. Na3 Nf6 8. Bg5 h6 9. Bxf6 Qxf6 10. Nd5 Qd8 11. Nc4 Nd7 12. Qf3 b5 13. Nce3 Bb7 14. c4 Bg7 15. cxb5 0-0 16. bxa6 Bxa6 17. Bxa6 Rxa6 18. 0-0 1-0